Leyes sobre el matrimonio (Hilkot ishut) del Mishné Torá / (Registro nro. 232431)

Detalles MARC
000 -LEADER
fixed length control field 02252nam a2200505Ii 4500
001 - CONTROL NUMBER
control field DIGVEDIV0193
003 - CONTROL NUMBER IDENTIFIER
control field NyNyDIG
008 - FIXED-LENGTH DATA ELEMENTS--GENERAL INFORMATION
fixed length control field 160915s2012 sp ob 000 0 spa d
006 - FIXED-LENGTH DATA ELEMENTS--ADDITIONAL MATERIAL CHARACTERISTICS
fixed length control field m o d
007 - PHYSICAL DESCRIPTION FIXED FIELD--GENERAL INFORMATION
fixed length control field cr |||||||||||
035 ## - SYSTEM CONTROL NUMBER
System control number (OCoLC)958460500
040 ## - CATALOGING SOURCE
Original cataloging agency DGITA
Language of cataloging eng
Description conventions rda
-- pn
Transcribing agency DGITA
020 ## - INTERNATIONAL STANDARD BOOK NUMBER
International Standard Book Number 9788499452043 (ISBN pdf)
020 ## - INTERNATIONAL STANDARD BOOK NUMBER
International Standard Book Number 8499452043 (ISBN pdf)
020 ## - INTERNATIONAL STANDARD BOOK NUMBER
Canceled/invalid ISBN 9788499450995 (ISBN versión impresa)
020 ## - INTERNATIONAL STANDARD BOOK NUMBER
Canceled/invalid ISBN 8499450997 (ISBN versión impresa)
041 1# - LANGUAGE CODE
Language code of text/sound track or separate title spa
-- heb
Language code of original heb
050 14 - LIBRARY OF CONGRESS CALL NUMBER
Classification number KBM542 ebook
082 04 - DEWEY DECIMAL CLASSIFICATION NUMBER
Classification number 296
Edition number 23
100 1# - MAIN ENTRY--PERSONAL NAME
Personal name Maimonides, Moses,
Dates associated with a name 1135-1204,
Relator term author.
240 10 - UNIFORM TITLE
Uniform title Hilkhot ishut.
Language of a work Spanish
245 10 - TITLE STATEMENT
Title Leyes sobre el matrimonio (Hilkot ishut) del Mishné Torá /
Statement of responsibility, etc. Maimónides ; introducción, traducción y notas por Olga Ruiz Morell, Aurora Salvatierra Ossorio.
250 ## - EDITION STATEMENT
Edition statement Edición bilingüe hebreo-español.
264 #1 - PRODUCTION, PUBLICATION, DISTRIBUTION, MANUFACTURE, AND COPYRIGHT NOTICE
Place of production, publication, distribution, manufacture Estella (Navarra), España :
Name of producer, publisher, distributor, manufacturer Editorial Verbo Divino,
Date of production, publication, distribution, manufacture, or copyright notice [2012]
300 ## - PHYSICAL DESCRIPTION
Extent 1 online resource.
336 ## - CONTENT TYPE
Content type term text
Content type code txt
Source rdacontent
337 ## - MEDIA TYPE
Media type term computer
Media type code c
Source rdamedia
338 ## - CARRIER TYPE
Carrier type term online resource
Carrier type code cr
Source rdacarrier
490 1# - SERIES STATEMENT
Series statement Biblioteca midrásica ;
Volume/sequential designation 32
504 ## - BIBLIOGRAPHY, ETC. NOTE
Bibliography, etc. note Includes bibliographical references.
546 ## - LANGUAGE NOTE
Language note In Spanish and Hebrew.
588 0# - SOURCE OF DESCRIPTION NOTE
Source of description note Online resource; title from ePub title page (Digitalia, viewed August 19, 2016)
650 #0 - SUBJECT ADDED ENTRY--TOPICAL TERM
Topical term or geographic name entry element Marriage (Jewish law)
Form subdivision Early works to 1800.
600 10 - SUBJECT ADDED ENTRY--PERSONAL NAME
Personal name Maimonides, Moses,
Dates associated with a name 1135-1204.
Title of a work Hilkhot ishut.
655 #0 - INDEX TERM--GENRE/FORM
Genre/form data or focus term Electronic books.
700 1# - ADDED ENTRY--PERSONAL NAME
Personal name Ruiz Morell, Olga,
Relator term translator,
-- contributor agent of text.
700 1# - ADDED ENTRY--PERSONAL NAME
Personal name Salvatierra Ossorio, Aurora,
Relator term translator,
-- contributor agent of text.
791 2# -
-- Digitalia (Firm),
-- distributor.
793 0# -
-- Digitalia eBook Collection:
-- Editorial Verbo Divino.
776 08 - ADDITIONAL PHYSICAL FORM ENTRY
Relationship information Print version:
Main entry heading Maimonides, Moses, 1135-1204.
Uniform title Hilkhot ishut. Spanish.
Title Leyes sobre el matrimonio (Hilkot ishut) del Mishné Torá
Edition Edición bilingüe hebreo-español.
Place, publisher, and date of publication Estella : Editorial Verbo Divino, 2010.
International Standard Book Number 9788499450995
Record control number (DLC) 2010476461
-- (OCoLC)649045096
830 #0 - SERIES ADDED ENTRY--UNIFORM TITLE
Uniform title Biblioteca midrásica ;
Volume/sequential designation 32.
856 40 - ELECTRONIC LOCATION AND ACCESS
Materials specified Digitalia Hispánica
Uniform Resource Identifier <a href="https://www.digitaliapublishing.com/a/10210/">https://www.digitaliapublishing.com/a/10210/</a>
910 ## - USER-OPTION DATA (OCLC)
User-option data Premium Collection: 2016
942 ## - ADDED ENTRY ELEMENTS (KOHA)
Koha item type Recurso Electrónico
Existencias
Withdrawn status Lost status Damaged status Not for loan Collection Home library Current library Date acquired Total checkouts Date last seen Price effective from Koha item type
        Digitalia Ebooks Hispanica Biblioteca Digital UIN Biblioteca Digital UIN 04/25/2025   04/25/2025 04/25/2025 Recurso Electrónico

CONTACTO


NOSOTROS


SITIOS DE INTERES

coordinacion.biblioteca.biblioteca@unienlinea.mx Misión, Visión y Objetivos Bases de datos
Directorio Bibliotecas Digitales y Repositorios
Normatividad Revistas y artículos
Convenios interbibliotecarios
Boletines



Hecho en México. Universidad Insurgentes (UIN). Todos los derechos reservados 2024. Esta página y sus contenidos pueden ser reproducidos con fines no lucrativos, siempre y cuando no se mutile, se cite la fuente completa y su dirección electrónicas. De otra forma requiere permiso previo por escrito de la institución




2024 Copyright Universidad Insurgentes | www.bibliouin.com.mx